[Event "45th FIDE Chess Olympiad Open"]
[Site "Budapest, Hungary"]
[Date "2024.09.19"]
[Round "8"]
[White "Mamedyarov, Shakhriyar"]
[Black "Brunello, Sabino"]
[Result "1/2-1/2"]
[Board "40"]
[WhiteFideId "13401319"]
[BlackFideId "813613"]
[WhiteTitle "GM"]
[BlackTitle "GM"]
[WhiteElo "2733"]
[BlackElo "2511"]
[WhiteTeam "Azerbaijan"]
[BlackTeam "Italy"]
[WhiteClock "0:30:10"]
[BlackClock "0:18:40"]
[Variant "Standard"]

1. c4 {[%clk 1:30:57]}  e6 {[%clk 1:30:37]} 2. g3 {[%clk 1:31:09]}  d5 {[%clk 1:30:30]} 3. Bg2 {[%clk 1:31:30]}  Nf6 {[%clk 1:29:17]} 4. Nf3 {[%clk 1:31:45]}  Be7 {[%clk 1:29:34]} 5. O-O {[%clk 1:32:06]}  O-O {[%clk 1:30:01]} 6. d3 {[%clk 1:32:19]}  c5 {[%clk 1:26:07]} 7. Ne5 {[%clk 1:32:39]}  Nbd7 {[%clk 1:24:51]} 8. Nxd7 {[%clk 1:32:13]}  Qxd7 {[%clk 1:03:03]} 9. e4 {[%clk 1:29:36]}  b6 {[%clk 1:03:25]} 10. f4 {[%clk 1:17:52]}  dxe4 {[%clk 1:03:25]} 11. dxe4 {[%clk 1:15:57]}  Ba6 {[%clk 1:03:42]} 12. e5 {[%clk 1:02:51]}  Rad8 {[%clk 1:03:39]} 13. Qxd7 {[%clk 0:55:01]}  Nxd7 {[%clk 1:02:05]} 14. b3 {[%clk 0:55:21]}  b5 {[%clk 0:45:52]} 15. cxb5 {[%clk 0:53:43]}  Bxb5 {[%clk 0:46:20]} 16. Re1 {[%clk 0:53:54]}  Nb6 {[%clk 0:45:24]} 17. Nc3 {[%clk 0:52:42]}  Bd3 {[%clk 0:45:06]} 18. Ba3 {[%clk 0:52:35]}  Rd7 {[%clk 0:45:20]} 19. Red1 {[%clk 0:47:41]}  Rc8 {[%clk 0:40:00]} 20. Kf2 {[%clk 0:32:15]}  f6 {[%clk 0:29:08]} 21. Bh3 {[%clk 0:27:31]}  Kf7 {[%clk 0:29:02]} 22. Re1 {[%clk 0:23:00]}  f5 {[%clk 0:17:49]} 23. Rac1 {[%clk 0:16:39]}  a5 {[%clk 0:06:51]} 24. Red1 {[%clk 0:14:48]}  c4 {[%clk 0:06:35]} 25. Bxe7 {[%clk 0:13:48]}  Kxe7 {[%clk 0:06:13]} 26. Ke3 {[%clk 0:12:17]}  Rcd8 {[%clk 0:03:51]} 27. Bg2 {[%clk 0:10:29]}  cxb3 {[%clk 0:03:59]} 28. axb3 {[%clk 0:10:53]}  Ba6 {[%clk 0:04:21]} 29. Rxd7+ {[%clk 0:08:43]}  Rxd7 {[%clk 0:04:41]} 30. Rd1 {[%clk 0:08:37]}  Rxd1 {[%clk 0:04:27]} 31. Nxd1 {[%clk 0:09:01]}  a4 {[%clk 0:04:46]} 32. bxa4 {[%clk 0:09:26]}  Nxa4 {[%clk 0:05:10]} 33. Kd4 {[%clk 0:09:48]}  Nb6 {[%clk 0:03:01]} 34. Bc6 {[%clk 0:09:43]}  Nc4 {[%clk 0:02:34]} 35. Bb7 {[%clk 0:08:44]}  Bb5 {[%clk 0:01:26]} 36. Nc3 {[%clk 0:01:27]}  Na5 {[%clk 0:00:35]} 37. Bd5 {[%clk 0:01:47]}  Be8 {[%clk 0:00:34]} 38. Ba2 {[%clk 0:02:15]}  Nb7 {[%clk 0:00:39]} 39. Kc4 {[%clk 0:02:36]}  h6 {[%clk 0:01:03]} 40. Kb4 {[%clk 0:02:54]}  g5 {[%clk 0:01:27]} 41. Ne2 {[%clk 0:02:40]}  Nd8 {[%clk 0:26:11]} 42. Kc5 {[%clk 0:33:00]}  Nf7 {[%clk 0:19:12]} 43. Nd4 {[%clk 0:30:09]}  Bd7 {[%clk 0:18:59]} 44. Nf3 {[%clk 0:28:59]}  gxf4 {[%clk 0:18:48]} 45. gxf4 {[%clk 0:29:27]}  Nh8 {[%clk 0:19:08]} 46. Nh4 {[%clk 0:29:49]}  Be8 {[%clk 0:18:19]} 47. Bb3 {[%clk 0:29:57]}  Bh5 {[%clk 0:18:16]} 48. Kd4 {[%clk 0:29:48]}  Ng6 {[%clk 0:18:12]} 49. Nxg6+ {[%clk 0:30:10]}  Bxg6 {[%clk 0:18:40]} 1/2-1/2

[Event "45th FIDE Chess Olympiad Open"]
[Site "Budapest, Hungary"]
[Date "2024.09.19"]
[Round "8"]
[White "Anton Guijarro, David"]
[Black "Bjerre, Jonas Buhl"]
[Result "0-1"]
[Board "41"]
[WhiteFideId "2285525"]
[BlackFideId "1444948"]
[WhiteTitle "GM"]
[BlackTitle "GM"]
[WhiteElo "2665"]
[BlackElo "2648"]
[WhiteTeam "Spain"]
[BlackTeam "Denmark"]
[WhiteClock "0:00:38"]
[BlackClock "0:00:44"]
[Variant "Standard"]

1. c4 {[%clk 1:30:54]}  Nf6 {[%clk 1:30:06]} 2. Nf3 {[%clk 1:30:43]}  e6 {[%clk 1:29:44]} 3. g3 {[%clk 1:30:31]}  d5 {[%clk 1:28:57]} 4. Bg2 {[%clk 1:30:46]}  Be7 {[%clk 1:28:35]} 5. O-O {[%clk 1:30:36]}  O-O {[%clk 1:28:57]} 6. d4 {[%clk 1:30:50]}  c6 {[%clk 1:28:54]} 7. b3 {[%clk 1:29:35]}  b6 {[%clk 1:27:50]} 8. Bb2 {[%clk 1:28:33]}  Nbd7 {[%clk 1:27:45]} 9. Re1 {[%clk 1:21:39]}  a5 {[%clk 1:24:19]} 10. Nfd2 {[%clk 1:12:09]}  b5 {[%clk 1:13:02]} 11. c5 {[%clk 1:09:54]}  e5 {[%clk 1:10:19]} 12. a3 {[%clk 1:05:28]}  Qc7 {[%clk 0:53:10]} 13. e3 {[%clk 0:57:04]}  Re8 {[%clk 0:50:48]} 14. Nc3 {[%clk 0:56:01]}  h5 {[%clk 0:45:10]} 15. b4 {[%clk 0:52:44]}  exd4 {[%clk 0:42:39]} 16. exd4 {[%clk 0:51:01]}  Nf8 {[%clk 0:42:52]} 17. Nf3 {[%clk 0:37:16]}  Bg4 {[%clk 0:42:20]} 18. Qd3 {[%clk 0:35:22]}  Bxf3 {[%clk 0:39:14]} 19. Bxf3 {[%clk 0:35:23]}  Ne6 {[%clk 0:38:05]} 20. h4 {[%clk 0:27:25]}  Bf8 {[%clk 0:36:13]} 21. Re2 {[%clk 0:25:50]}  g6 {[%clk 0:34:00]} 22. Rae1 {[%clk 0:25:31]}  Bg7 {[%clk 0:29:59]} 23. Kg2 {[%clk 0:20:24]}  axb4 {[%clk 0:27:02]} 24. axb4 {[%clk 0:20:51]}  Qd7 {[%clk 0:27:09]} 25. Kg1 {[%clk 0:16:38]}  Ng4 {[%clk 0:24:29]} 26. Nd1 {[%clk 0:15:46]}  Ra4 {[%clk 0:20:35]} 27. Qb3 {[%clk 0:11:41]}  Rea8 {[%clk 0:15:36]} 28. Rd2 {[%clk 0:11:03]}  Ra2 {[%clk 0:15:13]} 29. Bxg4 {[%clk 0:09:45]}  hxg4 {[%clk 0:15:32]} 30. Qc3 {[%clk 0:06:44]}  Nc7 {[%clk 0:11:58]} 31. Ne3 {[%clk 0:05:55]}  Ne8 {[%clk 0:11:26]} 32. Rdd1 {[%clk 0:02:58]}  Nf6 {[%clk 0:11:31]} 33. Ra1 {[%clk 0:03:04]}  Ne4 {[%clk 0:10:33]} 34. Qb3 {[%clk 0:02:13]}  R2a4 {[%clk 0:04:37]} 35. Kg2 {[%clk 0:00:43]}  Nd2 {[%clk 0:02:59]} 36. Qd3 {[%clk 0:00:38]}  Nf3 {[%clk 0:03:20]} 37. Rh1 {[%clk 0:00:49]}  Rxa1 {[%clk 0:03:18]} 38. Bxa1 {[%clk 0:01:16]}  Qe6 {[%clk 0:03:06]} 39. Bc3 {[%clk 0:00:51]}  Ra3 {[%clk 0:01:35]} 40. Nc2 {[%clk 0:00:38]}  Rxc3 {[%clk 0:00:44]} 0-1

[Event "45th FIDE Chess Olympiad Open"]
[Site "Budapest, Hungary"]
[Date "2024.09.19"]
[Round "8"]
[White "Andersen, Mads"]
[Black "Vallejo Pons, Francisco"]
[Result "1/2-1/2"]
[Board "42"]
[WhiteFideId "1413864"]
[BlackFideId "2205530"]
[WhiteTitle "GM"]
[BlackTitle "GM"]
[WhiteElo "2598"]
[BlackElo "2657"]
[WhiteTeam "Denmark"]
[BlackTeam "Spain"]
[WhiteClock "0:04:35"]
[BlackClock "0:09:53"]
[Variant "Standard"]

1. e4 {[%clk 1:30:54]}  c6 {[%clk 1:30:50]} 2. Nf3 {[%clk 1:30:51]}  d5 {[%clk 1:31:11]} 3. Nc3 {[%clk 1:31:11]}  g6 {[%clk 1:30:39]} 4. d4 {[%clk 1:29:57]}  Bg7 {[%clk 1:30:41]} 5. h3 {[%clk 1:28:43]}  Nf6 {[%clk 1:30:59]} 6. e5 {[%clk 1:25:38]}  Ne4 {[%clk 1:31:09]} 7. a4 {[%clk 1:25:52]}  c5 {[%clk 1:25:28]} 8. Bb5+ {[%clk 1:19:36]}  Nc6 {[%clk 1:11:52]} 9. dxc5 {[%clk 1:07:57]}  Nxc3 {[%clk 1:09:45]} 10. bxc3 {[%clk 1:08:16]}  O-O {[%clk 1:10:05]} 11. Bf4 {[%clk 1:03:14]}  Qc7 {[%clk 1:01:13]} 12. Qxd5 {[%clk 0:54:50]}  Bf5 {[%clk 1:00:20]} 13. O-O {[%clk 0:50:56]}  Rad8 {[%clk 0:52:28]} 14. Qb3 {[%clk 0:50:45]}  Be4 {[%clk 0:39:45]} 15. Be2 {[%clk 0:41:22]}  Nxe5 {[%clk 0:36:18]} 16. Nxe5 {[%clk 0:38:25]}  Bxe5 {[%clk 0:36:33]} 17. Bh6 {[%clk 0:38:08]}  Bg7 {[%clk 0:31:50]} 18. Be3 {[%clk 0:36:07]}  Qe5 {[%clk 0:30:04]} 19. Rab1 {[%clk 0:30:13]}  Rd7 {[%clk 0:24:37]} 20. Bb5 {[%clk 0:27:13]}  Rc7 {[%clk 0:23:03]} 21. Rfe1 {[%clk 0:23:10]}  Qf5 {[%clk 0:21:01]} 22. Bd3 {[%clk 0:20:08]}  Bxd3 {[%clk 0:16:19]} 23. cxd3 {[%clk 0:20:27]}  Qxd3 {[%clk 0:16:34]} 24. Bf4 {[%clk 0:15:30]}  Rxc5 {[%clk 0:16:09]} 25. Rxe7 {[%clk 0:15:35]}  b6 {[%clk 0:15:00]} 26. Rxa7 {[%clk 0:13:20]}  Rxc3 {[%clk 0:13:22]} 27. Qb5 {[%clk 0:11:25]}  Bd4 {[%clk 0:12:16]} 28. Qxd3 {[%clk 0:04:36]}  Rxd3 {[%clk 0:12:43]} 29. Be3 {[%clk 0:04:07]}  Bxe3 {[%clk 0:11:05]} 30. fxe3 {[%clk 0:04:35]}  Rxe3 {[%clk 0:09:53]} 1/2-1/2

[Event "45th FIDE Chess Olympiad Open"]
[Site "Budapest, Hungary"]
[Date "2024.09.19"]
[Round "8"]
[White "Pichot, Alan"]
[Black "Thybo, Jesper Sondergaard"]
[Result "1-0"]
[Board "43"]
[WhiteFideId "110973"]
[BlackFideId "1438832"]
[WhiteTitle "GM"]
[BlackTitle "GM"]
[WhiteElo "2628"]
[BlackElo "2555"]
[WhiteTeam "Spain"]
[BlackTeam "Denmark"]
[WhiteClock "0:19:22"]
[BlackClock "0:16:07"]
[Variant "Standard"]

1. e4 {[%clk 1:30:48]}  e5 {[%clk 1:30:53]} 2. Nf3 {[%clk 1:31:07]}  Nc6 {[%clk 1:31:18]} 3. Bc4 {[%clk 1:31:19]}  Bc5 {[%clk 1:31:36]} 4. c3 {[%clk 1:31:27]}  Nf6 {[%clk 1:31:54]} 5. d3 {[%clk 1:31:37]}  d6 {[%clk 1:32:03]} 6. b4 {[%clk 1:31:28]}  Bb6 {[%clk 1:32:16]} 7. a4 {[%clk 1:31:38]}  a5 {[%clk 1:31:48]} 8. b5 {[%clk 1:31:53]}  Ne7 {[%clk 1:32:04]} 9. Nbd2 {[%clk 1:29:30]}  O-O {[%clk 1:29:20]} 10. O-O {[%clk 1:29:37]}  Ng6 {[%clk 1:26:07]} 11. d4 {[%clk 1:26:41]}  h6 {[%clk 1:12:01]} 12. Re1 {[%clk 1:22:18]}  Re8 {[%clk 1:09:47]} 13. Bb2 {[%clk 0:48:16]}  c6 {[%clk 0:50:14]} 14. h3 {[%clk 0:30:54]}  exd4 {[%clk 0:38:31]} 15. cxd4 {[%clk 0:30:23]}  d5 {[%clk 0:38:52]} 16. e5 {[%clk 0:28:53]}  Nd7 {[%clk 0:11:48]} 17. Bd3 {[%clk 0:24:36]}  Nf4 {[%clk 0:11:48]} 18. Bf1 {[%clk 0:24:30]}  c5 {[%clk 0:11:28]} 19. Rc1 {[%clk 0:14:12]}  c4 {[%clk 0:07:39]} 20. g3 {[%clk 0:12:44]}  Ng6 {[%clk 0:07:07]} 21. Nb1 {[%clk 0:12:47]}  Ndf8 {[%clk 0:06:29]} 22. Nc3 {[%clk 0:12:50]}  Bf5 {[%clk 0:06:30]} 23. Ba3 {[%clk 0:12:26]}  Qd7 {[%clk 0:05:58]} 24. Kh2 {[%clk 0:12:04]}  Bd8 {[%clk 0:06:00]} 25. Bxf8 {[%clk 0:08:41]}  Rxf8 {[%clk 0:05:35]} 26. Bg2 {[%clk 0:08:57]}  Be7 {[%clk 0:04:53]} 27. Nd2 {[%clk 0:08:15]}  Ba3 {[%clk 0:04:23]} 28. Nxd5 {[%clk 0:06:35]}  Bxc1 {[%clk 0:04:47]} 29. Qxc1 {[%clk 0:07:00]}  Be6 {[%clk 0:02:09]} 30. Nb6 {[%clk 0:05:20]}  Qxd4 {[%clk 0:02:35]} 31. Nxa8 {[%clk 0:05:46]}  Rxa8 {[%clk 0:02:55]} 32. f4 {[%clk 0:05:54]}  c3 {[%clk 0:00:38]} 33. Ne4 {[%clk 0:06:16]}  Qxa4 {[%clk 0:00:56]} 34. Nxc3 {[%clk 0:03:37]}  Qd4 {[%clk 0:00:58]} 35. Rd1 {[%clk 0:02:22]}  Qb6 {[%clk 0:00:49]} 36. Rd6 {[%clk 0:02:09]}  Qc5 {[%clk 0:00:47]} 37. Qd2 {[%clk 0:02:17]}  Rc8 {[%clk 0:00:42]} 38. Bxb7 {[%clk 0:02:15]}  Rb8 {[%clk 0:00:35]} 39. Be4 {[%clk 0:02:17]}  Nf8 {[%clk 0:00:39]} 40. Qd4 {[%clk 0:00:37]}  Qxd4 {[%clk 0:00:41]} 41. Rxd4 {[%clk 0:00:36]}  Bb3 {[%clk 0:27:11]} 42. Rd6 {[%clk 0:22:37]}  Ne6 {[%clk 0:25:20]} 43. b6 {[%clk 0:22:28]}  Nc5 {[%clk 0:24:34]} 44. Bf3 {[%clk 0:20:47]}  a4 {[%clk 0:24:11]} 45. Rc6 {[%clk 0:20:58]}  Nd7 {[%clk 0:16:41]} 46. b7 {[%clk 0:20:26]}  a3 {[%clk 0:17:02]} 47. Ra6 {[%clk 0:19:26]}  a2 {[%clk 0:16:07]} 48. Nxa2 {[%clk 0:19:22]} 1-0

[Event "45th FIDE Chess Olympiad Open"]
[Site "Budapest, Hungary"]
[Date "2024.09.19"]
[Round "8"]
[White "Olsen, Filip Boe"]
[Black "Santos Latasa, Jaime"]
[Result "0-1"]
[Board "44"]
[WhiteFideId "1440640"]
[BlackFideId "2293307"]
[WhiteTitle "IM"]
[BlackTitle "GM"]
[WhiteElo "2441"]
[BlackElo "2624"]
[WhiteTeam "Denmark"]
[BlackTeam "Spain"]
[WhiteClock "0:07:23"]
[BlackClock "0:51:16"]
[Variant "Standard"]

1. d4 {[%clk 1:30:52]}  e6 {[%clk 1:30:56]} 2. c4 {[%clk 1:31:07]}  Nf6 {[%clk 1:31:21]} 3. Nf3 {[%clk 1:31:20]}  d5 {[%clk 1:31:44]} 4. g3 {[%clk 1:31:33]}  Bb4+ {[%clk 1:32:09]} 5. Bd2 {[%clk 1:31:41]}  Be7 {[%clk 1:32:33]} 6. Bg2 {[%clk 1:31:49]}  O-O {[%clk 1:32:57]} 7. O-O {[%clk 1:31:58]}  c6 {[%clk 1:33:24]} 8. Qc2 {[%clk 1:32:01]}  Nbd7 {[%clk 1:33:36]} 9. Bf4 {[%clk 1:32:08]}  h6 {[%clk 1:33:27]} 10. Rd1 {[%clk 1:32:07]}  a5 {[%clk 1:33:40]} 11. Nc3 {[%clk 1:31:46]}  dxc4 {[%clk 1:31:49]} 12. Nd2 {[%clk 1:31:35]}  Nb6 {[%clk 1:30:17]} 13. e4 {[%clk 1:31:32]}  a4 {[%clk 1:28:54]} 14. a3 {[%clk 1:31:31]}  Bd7 {[%clk 1:27:39]} 15. Nf3 {[%clk 1:31:20]}  c5 {[%clk 1:26:56]} 16. d5 {[%clk 1:31:33]}  exd5 {[%clk 1:27:21]} 17. exd5 {[%clk 1:31:51]}  Re8 {[%clk 1:27:46]} 18. Ne5 {[%clk 1:28:09]}  Bf8 {[%clk 1:27:41]} 19. h4 {[%clk 1:27:40]}  Qc8 {[%clk 1:25:56]} 20. Nxd7 {[%clk 1:08:12]}  Qxd7 {[%clk 1:25:40]} 21. d6 {[%clk 1:08:00]}  Nc8 {[%clk 1:25:56]} 22. Nd5 {[%clk 1:00:49]}  Nxd5 {[%clk 1:23:09]} 23. Rxd5 {[%clk 1:00:45]}  Nxd6 {[%clk 1:22:50]} 24. Rad1 {[%clk 0:38:20]}  Ra6 {[%clk 1:22:57]} 25. Qd2 {[%clk 0:36:25]}  Rd8 {[%clk 1:17:14]} 26. Bf3 {[%clk 0:28:17]}  Qb5 {[%clk 1:14:27]} 27. Kg2 {[%clk 0:23:01]}  Rb6 {[%clk 1:12:49]} 28. Be5 {[%clk 0:22:37]}  f6 {[%clk 1:09:57]} 29. Bc3 {[%clk 0:22:18]}  Re8 {[%clk 1:10:09]} 30. Qf4 {[%clk 0:21:10]}  Re6 {[%clk 1:10:06]} 31. g4 {[%clk 0:17:04]}  Qe8 {[%clk 1:08:39]} 32. R5d2 {[%clk 0:12:35]}  Kh8 {[%clk 1:05:21]} 33. Bd5 {[%clk 0:09:00]}  Re7 {[%clk 1:05:25]} 34. Bf3 {[%clk 0:07:24]}  Re6 {[%clk 1:05:21]} 35. Kf1 {[%clk 0:03:22]}  Ra6 {[%clk 0:58:04]} 36. g5 {[%clk 0:02:14]}  fxg5 {[%clk 0:58:12]} 37. hxg5 {[%clk 0:02:38]}  hxg5 {[%clk 0:58:36]} 38. Qh2+ {[%clk 0:02:21]}  Kg8 {[%clk 0:59:01]} 39. Bd5 {[%clk 0:02:41]}  Nf7 {[%clk 0:59:26]} 40. Bxe6 {[%clk 0:02:28]}  Rxe6 {[%clk 0:59:03]} 41. Qc7 {[%clk 0:22:28]}  b5 {[%clk 1:25:12]} 42. Qb7 {[%clk 0:20:42]}  Re4 {[%clk 1:20:24]} 43. Qd7 {[%clk 0:19:27]}  b4 {[%clk 1:19:24]} 44. Qxe8 {[%clk 0:18:58]}  Rxe8 {[%clk 1:19:36]} 45. axb4 {[%clk 0:19:14]}  cxb4 {[%clk 1:20:02]} 46. Bd4 {[%clk 0:19:03]}  Nd6 {[%clk 1:17:15]} 47. Ra1 {[%clk 0:17:38]}  Ra8 {[%clk 1:14:03]} 48. Re2 {[%clk 0:10:05]}  Nb5 {[%clk 1:07:58]} 49. Be5 {[%clk 0:06:24]}  a3 {[%clk 1:07:43]} 50. bxa3 {[%clk 0:06:23]}  c3 {[%clk 1:07:01]} 51. a4 {[%clk 0:05:36]}  b3 {[%clk 1:05:55]} 52. Bxc3 {[%clk 0:03:34]}  Nxc3 {[%clk 1:01:26]} 53. Rb2 {[%clk 0:04:00]}  Rxa4 {[%clk 1:01:25]} 54. Rxa4 {[%clk 0:04:15]}  Nxa4 {[%clk 1:01:50]} 55. Rxb3 {[%clk 0:04:41]}  Nc5 {[%clk 1:02:17]} 56. Re3 {[%clk 0:04:43]}  Bd6 {[%clk 1:00:18]} 57. Kg2 {[%clk 0:05:00]}  Kf7 {[%clk 1:00:34]} 58. Kf3 {[%clk 0:05:08]}  Nd7 {[%clk 1:00:25]} 59. Rb3 {[%clk 0:04:59]}  Nf6 {[%clk 1:00:09]} 60. Rb5 {[%clk 0:05:10]}  Kg6 {[%clk 1:00:23]} 61. Rb7 {[%clk 0:05:09]}  g4+ {[%clk 1:00:04]} 62. Kg2 {[%clk 0:05:21]}  Be5 {[%clk 1:00:09]} 63. Ra7 {[%clk 0:05:23]}  Nh5 {[%clk 0:59:48]} 64. Ra4 {[%clk 0:05:30]}  Kf5 {[%clk 0:58:20]} 65. Ra5 {[%clk 0:05:30]}  Nf4+ {[%clk 0:58:32]} 66. Kg3 {[%clk 0:05:19]}  Ng6+ {[%clk 0:58:01]} 67. Kg2 {[%clk 0:05:34]}  Nh4+ {[%clk 0:58:25]} 68. Kf1 {[%clk 0:05:41]}  Ke4 {[%clk 0:58:34]} 69. Ra4+ {[%clk 0:05:47]}  Bd4 {[%clk 0:58:51]} 70. Rb4 {[%clk 0:05:54]}  Ng6 {[%clk 0:56:25]} 71. Kg2 {[%clk 0:04:46]}  Nf4+ {[%clk 0:56:04]} 72. Kg3 {[%clk 0:05:05]}  Nd3 {[%clk 0:56:30]} 73. Ra4 {[%clk 0:02:55]}  Nxf2 {[%clk 0:56:22]} 74. Ra5 {[%clk 0:02:57]}  Be3 {[%clk 0:54:59]} 75. Rb5 {[%clk 0:02:14]}  Nd3 {[%clk 0:52:34]} 76. Kxg4 {[%clk 0:02:36]}  Ne5 {[%clk 0:52:59]} 77. Kh5 {[%clk 0:00:59]}  Kf5 {[%clk 0:51:41]} 78. Ra5 {[%clk 0:01:07]}  Bf4 {[%clk 0:51:11]} 79. Rb5 {[%clk 0:01:19]}  Bg3 {[%clk 0:51:00]} 80. Ra5 {[%clk 0:01:08]}  g6 {[%clk 0:51:19]} 81. Kh6 {[%clk 0:01:35]}  Bf4+ {[%clk 0:51:44]} 82. Kg7 {[%clk 0:01:56]}  g5 {[%clk 0:52:10]} 83. Kh6 {[%clk 0:01:43]}  g4+ {[%clk 0:51:25]} 84. Kh5 {[%clk 0:02:13]}  g3 {[%clk 0:51:27]} 85. Ra2 {[%clk 0:02:06]}  Nf3 {[%clk 0:50:32]} 86. Re2 {[%clk 0:01:45]}  Be5 {[%clk 0:49:34]} 87. Rg2 {[%clk 0:01:40]}  Kf4 {[%clk 0:49:33]} 88. Re2 {[%clk 0:01:55]}  Bd4 {[%clk 0:49:26]} 89. Rg2 {[%clk 0:00:41]}  Bf2 {[%clk 0:49:45]} 90. Rxg3 {[%clk 0:01:05]}  Bxg3 {[%clk 0:50:09]} 91. Kg6 {[%clk 0:01:32]}  Ke5 {[%clk 0:50:10]} 92. Kf7 {[%clk 0:02:01]}  Bh4 {[%clk 0:50:22]} 93. Ke8 {[%clk 0:02:31]}  Ke6 {[%clk 0:50:44]} 94. Kf8 {[%clk 0:02:57]}  Ne5 {[%clk 0:50:21]} 95. Ke8 {[%clk 0:03:22]}  Bf6 {[%clk 0:48:47]} 96. Kf8 {[%clk 0:03:51]}  Nc4 {[%clk 0:48:53]} 97. Ke8 {[%clk 0:04:18]}  Nd6+ {[%clk 0:49:16]} 98. Kf8 {[%clk 0:04:43]}  Kf5 {[%clk 0:49:43]} 99. Kg8 {[%clk 0:05:10]}  Kg6 {[%clk 0:50:04]} 100. Kf8 {[%clk 0:05:37]}  Bg5 {[%clk 0:50:24]} 101. Kg8 {[%clk 0:06:02]}  Bh6 {[%clk 0:50:40]} 102. Kh8 {[%clk 0:06:30]}  Ne4 {[%clk 0:51:01]} 103. Kg8 {[%clk 0:06:56]}  Nf6+ {[%clk 0:51:27]} 104. Kh8 {[%clk 0:07:23]}  Bg7# {[%clk 0:51:16]} 0-1

[Event "45th FIDE Chess Olympiad Open"]
[Site "Budapest, Hungary"]
[Date "2024.09.19"]
[Round "8"]
[White "Peralta, Fernando"]
[Black "Ivanchuk, Vasyl"]
[Result "0-1"]
[Board "45"]
[WhiteFideId "105309"]
[BlackFideId "14100010"]
[WhiteTitle "GM"]
[BlackTitle "GM"]
[WhiteElo "2558"]
[BlackElo "2635"]
[WhiteTeam "Argentina"]
[BlackTeam "Ukraine"]
[WhiteClock "0:00:31"]
[BlackClock "0:30:37"]
[Variant "Standard"]

1. d4 {[%clk 1:30:55]}  d5 {[%clk 1:30:57]} 2. c4 {[%clk 1:31:16]}  c6 {[%clk 1:31:24]} 3. Nf3 {[%clk 1:31:21]}  Nf6 {[%clk 1:31:48]} 4. Nc3 {[%clk 1:31:48]}  dxc4 {[%clk 1:32:15]} 5. a4 {[%clk 1:32:03]}  Bf5 {[%clk 1:32:41]} 6. e3 {[%clk 1:32:21]}  e6 {[%clk 1:33:05]} 7. Bxc4 {[%clk 1:32:46]}  Bb4 {[%clk 1:33:33]} 8. O-O {[%clk 1:33:04]}  O-O {[%clk 1:33:50]} 9. Nh4 {[%clk 1:29:27]}  Nbd7 {[%clk 1:31:54]} 10. h3 {[%clk 1:29:51]}  Qe7 {[%clk 1:27:07]} 11. Nxf5 {[%clk 1:25:05]}  exf5 {[%clk 1:27:34]} 12. Qf3 {[%clk 1:25:09]}  g6 {[%clk 1:27:43]} 13. g4 {[%clk 1:24:54]}  fxg4 {[%clk 1:27:47]} 14. hxg4 {[%clk 1:25:20]}  Rae8 {[%clk 1:28:13]} 15. a5 {[%clk 1:15:22]}  Qd8 {[%clk 1:20:03]} 16. Kg2 {[%clk 1:04:20]}  Bxc3 {[%clk 1:02:43]} 17. bxc3 {[%clk 1:04:40]}  Re4 {[%clk 1:03:12]} 18. Rg1 {[%clk 0:52:14]}  Rxg4+ {[%clk 1:01:28]} 19. Kf1 {[%clk 0:50:43]}  Rxg1+ {[%clk 1:01:56]} 20. Kxg1 {[%clk 0:51:07]}  Re8 {[%clk 1:02:23]} 21. Bb2 {[%clk 0:47:53]}  Re4 {[%clk 0:59:48]} 22. Bf1 {[%clk 0:35:38]}  Rg4+ {[%clk 0:57:19]} 23. Bg2 {[%clk 0:36:00]}  h5 {[%clk 0:57:47]} 24. Qe2 {[%clk 0:30:33]}  h4 {[%clk 0:55:53]} 25. Kh1 {[%clk 0:28:41]}  Ne4 {[%clk 0:55:19]} 26. Bxe4 {[%clk 0:10:04]}  Rxe4 {[%clk 0:55:39]} 27. c4 {[%clk 0:10:26]}  Nf6 {[%clk 0:50:51]} 28. Rg1 {[%clk 0:07:30]}  Re6 {[%clk 0:51:08]} 29. Bc3 {[%clk 0:06:34]}  Ne4 {[%clk 0:47:24]} 30. Be1 {[%clk 0:06:56]}  Qf6 {[%clk 0:28:29]} 31. Rg4 {[%clk 0:03:49]}  Qf5 {[%clk 0:28:58]} 32. Rxh4 {[%clk 0:03:23]}  Ng5 {[%clk 0:29:27]} 33. Kg2 {[%clk 0:01:45]}  Re4 {[%clk 0:29:56]} 34. Rxe4 {[%clk 0:00:36]}  Qh3+ {[%clk 0:30:23]} 35. Kg1 {[%clk 0:01:01]}  Nf3+ {[%clk 0:29:42]} 36. Qxf3 {[%clk 0:01:27]}  Qxf3 {[%clk 0:30:02]} 37. Re8+ {[%clk 0:00:31]}  Kg7 {[%clk 0:30:31]} 38. Bb4 {[%clk 0:00:34]}  g5 {[%clk 0:29:39]} 39. Re7 {[%clk 0:00:39]}  Qg4+ {[%clk 0:27:39]} 40. Kf1 {[%clk 0:00:44]}  Qd1+ {[%clk 0:17:20]} 41. Kg2 {[%clk 0:01:02]}  Qb1 {[%clk 0:17:25]} 42. Bd6 {[%clk 0:27:01]}  Qb3 {[%clk 0:47:53]} 43. Bc5 {[%clk 0:17:27]}  b6 {[%clk 0:43:45]} 44. Rb7 {[%clk 0:16:53]}  Qxc4 {[%clk 0:44:09]} 45. axb6 {[%clk 0:17:15]}  axb6 {[%clk 0:44:37]} 46. Rxb6 {[%clk 0:16:25]}  f6 {[%clk 0:45:05]} 47. e4 {[%clk 0:07:39]}  Qe2 {[%clk 0:45:16]} 48. Rb7+ {[%clk 0:07:56]}  Kg6 {[%clk 0:45:44]} 49. Re7 {[%clk 0:08:20]}  g4 {[%clk 0:46:03]} 50. Re8 {[%clk 0:05:40]}  Qf3+ {[%clk 0:46:02]} 51. Kg1 {[%clk 0:06:03]}  Kg5 {[%clk 0:46:23]} 52. Rg8+ {[%clk 0:01:20]}  Kf4 {[%clk 0:46:42]} 53. Re8 {[%clk 0:01:42]}  Qb3 {[%clk 0:43:30]} 54. Rf8 {[%clk 0:00:54]}  Qe6 {[%clk 0:43:48]} 55. d5 {[%clk 0:00:39]}  Qe5 {[%clk 0:34:59]} 56. Be3+ {[%clk 0:00:33]}  Kf3 {[%clk 0:35:27]} 57. dxc6 {[%clk 0:00:31]}  Qa1+ {[%clk 0:30:37]} 0-1

[Event "45th FIDE Chess Olympiad Open"]
[Site "Budapest, Hungary"]
[Date "2024.09.19"]
[Round "8"]
[White "Ponomariov, Ruslan"]
[Black "Krysa, Leandro"]
[Result "1/2-1/2"]
[Board "46"]
[WhiteFideId "14103320"]
[BlackFideId "116807"]
[WhiteTitle "GM"]
[BlackTitle "GM"]
[WhiteElo "2654"]
[BlackElo "2495"]
[WhiteTeam "Ukraine"]
[BlackTeam "Argentina"]
[WhiteClock "0:18:24"]
[BlackClock "0:04:05"]
[Variant "Standard"]

1. e4 {[%clk 1:30:57]}  e5 {[%clk 1:30:49]} 2. Nf3 {[%clk 1:31:18]}  Nc6 {[%clk 1:31:08]} 3. Bb5 {[%clk 1:31:36]}  a6 {[%clk 1:31:23]} 4. Ba4 {[%clk 1:31:57]}  Nf6 {[%clk 1:31:37]} 5. d3 {[%clk 1:32:07]}  d6 {[%clk 1:31:22]} 6. c4 {[%clk 1:31:52]}  Be7 {[%clk 1:27:18]} 7. h3 {[%clk 1:31:13]}  O-O {[%clk 1:25:55]} 8. O-O {[%clk 1:31:03]}  Nd7 {[%clk 1:24:50]} 9. Be3 {[%clk 1:18:50]}  Bf6 {[%clk 1:24:51]} 10. Nc3 {[%clk 1:06:47]}  Nd4 {[%clk 1:23:53]} 11. b4 {[%clk 1:04:41]}  c6 {[%clk 1:18:45]} 12. Bxd4 {[%clk 1:01:02]}  exd4 {[%clk 1:19:05]} 13. Ne2 {[%clk 1:01:29]}  b5 {[%clk 1:10:47]} 14. Bb3 {[%clk 1:00:16]}  c5 {[%clk 0:51:55]} 15. cxb5 {[%clk 0:40:30]}  axb5 {[%clk 0:51:11]} 16. Rc1 {[%clk 0:40:46]}  Ba6 {[%clk 0:46:58]} 17. bxc5 {[%clk 0:34:02]}  dxc5 {[%clk 0:45:53]} 18. a4 {[%clk 0:34:23]}  bxa4 {[%clk 0:41:06]} 19. Bxa4 {[%clk 0:33:30]}  Bxd3 {[%clk 0:25:16]} 20. Bxd7 {[%clk 0:32:54]}  Bxe2 {[%clk 0:25:26]} 21. Qxe2 {[%clk 0:33:20]}  Qxd7 {[%clk 0:25:47]} 22. Rxc5 {[%clk 0:33:45]}  d3 {[%clk 0:14:31]} 23. Qe3 {[%clk 0:33:12]}  Qa7 {[%clk 0:13:11]} 24. Rd1 {[%clk 0:28:24]}  Rfd8 {[%clk 0:11:07]} 25. e5 {[%clk 0:25:22]}  Be7 {[%clk 0:09:56]} 26. Rc3 {[%clk 0:25:38]}  Qxe3 {[%clk 0:08:46]} 27. fxe3 {[%clk 0:26:04]}  Ra3 {[%clk 0:07:13]} 28. Rxa3 {[%clk 0:25:37]}  Bxa3 {[%clk 0:07:36]} 29. Nd4 {[%clk 0:25:53]}  Rd5 {[%clk 0:05:56]} 30. e6 {[%clk 0:18:31]}  fxe6 {[%clk 0:05:49]} 31. Nxe6 {[%clk 0:18:57]}  Re5 {[%clk 0:04:04]} 32. Rxd3 {[%clk 0:17:18]}  Bc1 {[%clk 0:04:19]} 33. Nd4 {[%clk 0:17:35]}  Bxe3+ {[%clk 0:03:56]} 34. Kf1 {[%clk 0:17:59]}  Bxd4 {[%clk 0:04:05]} 35. Rxd4 {[%clk 0:18:24]} 1/2-1/2